Quizzes
Events
Quiz Creation
Community
Videos
Private Events
Remove Ads
Sign In
Join for FREE
Feedback
Dark Mode
Quiz Categories
Sports
Geography
Music
Movies
Television
Just For Fun
Miscellaneous
History
Literature
Language
Science
Gaming
Entertainment
Religion
Holiday
For Kids
Quiz Lab
Recent
Popular Today
Quiz Kudos Today
Editor Picks
Curator Picks
Quizzes by...
Day
Popularity
Type
Ratings
Length
Year
Community
Subscriptions
Recent Discussions
Orange Saloon
Badges
Playlists
Quests
Create
Leaderboards
Showdown
Live 5
Trivia Bingo
Activity
Puzzle Library
Sporcle Events
Private Events
Virtual Trivia
Globe League
Become a Host
Pub Owners
SporcleCon
Opinionation
Our Games
Videos
Blog
Mobile Apps
Partnerships
Remove Ads and Go Orange
Feedback
Sports
Athletes
MLB
NBA
NHL
NFL
Soccer
Sports Teams
WWE
NCAA
Football
Premier League
Basketball
Baseball
Hockey
Golf
Tennis
Cricket
Rugby
Auto Racing
Olympics
World Cup
Sports
Athletes
MLB
NBA
NHL
NFL
Soccer
Sports Teams
WWE
NCAA
Football
Premier League
Basketball
Baseball
Hockey
Golf
Tennis
Cricket
Rugby
Auto Racing
Olympics
World Cup
Random Quiz
Search Sporcle
×
Quiz Lab
Quiz Lab
Sports
Premier League
Type in answers that appear in a list
Type in answers that appear in a list
Classic
Best Score? Go Orange.
Swedish EPL Goalscorers Stats
Can you name the players from Sweden who have scored in the English Premier League?
By
BicycleStipe
8m
29 Questions
733 Plays
733 Plays
733 Plays
Comments
Comments
Give Quiz Kudos
Give Quiz Kudos
-
- Ratings
hide this ad
Replay
Link that replays current quiz
Next Quiz
Link to next quiz in quiz playlist
You Got
0%
They Got
Avg Score
54%
Avg Friend Score
Upgrade to see
Score Distribution
Jump to the score distribution portion of the page
Score
0/29
Timer
08:00
0
Plays Today
Goals
Player
% Correct
1
Henrik Larsson
95.4%
26
Sebastian Larsson
95.1%
48
Fredrik Ljungberg
92%
17
Zlatan Ibrahimovic
89.6%
10
Anders Svensson
74.8%
10
Mathias Svensson
73.5%
4
Michael Svensson
73.5%
8
Olof Mellberg
72.7%
19
Johan Elmander
68.8%
1
David Elm
66.7%
4
Tomas Brolin
65.1%
4
Andreas Andersson
64.5%
8
Jonas Olsson
62.3%
12
Niclas Alexandersson
60.3%
5
Martin Olsson
59.5%
Goals
Player
% Correct
7
Anders Limpar
57.2%
4
Martin Dahlin
56.8%
2
Jesper Blomqvist
52.9%
1
Roland Nilsson
51.2%
6
Marcus Allback
48.8%
1
Erik Edman
43%
5
Stefan Schwarz
42.3%
4
Andreas Johansson
40%
5
Alexander Kacaniklic
37.2%
1
Teddy Lucic
26.7%
2
Klas Ingesson
23.5%
4
Martin Pringle
19.5%
1
Rade Prica
19.5%
2
Andreas Jakobsson
18.4%
Quiz Playlist
Details
Report
Send in Message
Add To Playlist
Classic:
Type in answers that appear in a list
Quiz Source
Last Updated: Sep 2, 2017
Quiz Scoreboard
CHALLENGE
Sign Up to Join the Scoreboard
Show All
Scores
Hide
Comments
May contain spoilers
Recently Published
One Thing in Common: World Cities II
by knightlancer
Geography
7m
Popular People in 1961
by mucciniale
History
6m
1-10 Letter E Words III
by El_Dandy
Language
2m
More to Explore
Quiz From the Vault
Featured Blog Post
Where Did the Easter Bunny Come From?
hide this ad
You Might Also Like...
Tags
Premier League Quiz
English
goal
Goal Scorers
League
Player
Premier
score
Sweden
Swedish
Today's Top Quizzes in Sports
Browse Sports
hide this ad
Today's Top Quizzes in Premier League
Browse Premier League
Top Contributed Quizzes in Sports
1
Les meilleurs buteurs des matchs entre le PSG et l’OM
2
Les entraîneurs de l'OM et du PSG au 21e siècle
3
2022 World Cup Stars
4
FIFA Club World Cup Champions
5
Name the Premier League winners with different clubs
6
La finale Lions - Afrique du Sud 2021
7
Criteria MLB: Left Handed Sluggers
8
Players with Multiple 50 Home Run Seasons
9
MLB Players with Two .350 Batting Average Seasons
10
MLB Hall of Famer by Rings
Explore More
Trending Topics
Disney
NBA
Kpop
Marvel
Harry Potter
Crossword
Anime
Pokémon
The Office
NFL
Puzzle
WWE
Song
Country
Soccer
hide this ad
More By:
BicycleStipe
Quiz
Plays
Rating
Category
Featured
Created
Premier League Arsenal's Top Scorers
312,133
4.50
Sports
Oct 10, 2009
Premier League Chelsea's Top Scorers
186,096
4.01
Sports
Oct 11, 2009
Premier League Appearances (Arsenal)
120,201
4.35
Sports
Nov 4, 2009
Premier League Tottenham's Top Scorers
118,169
4.26
Sports
Nov 2, 2009
Premier League Manchester City Top Scorers
109,138
4.12
Sports
Nov 2, 2009
Go to Creator's Profile
Score Distribution
Quiz Creator Spotlight
BicycleStipe
Follow
Send a Message
Quizzes Created
-
Created Quiz Play Count
-
More By This Creator
Popular Quizzes Today
1
Find the US States - No Outlines Minefield
2
The Countries of the World
3
Find the Countries of Europe - No Outlines Minefield
4
Popular People in 1961
5
1-10 Letter E Words III
6
Find the US States
7
One Thing in Common: World Cities II
8
US States
More Sports Quizzes
F1 Tracks Fernando Alonso has conquered
Quiz Lab
Trending Quizzes
Risky Map Clicking: Least Populous States A-Z
1-10 Letter F Words
1-10 Letter G Words
One Thing in Common: United Kingdom
Risky Map Clicking: Next State Alphabetically
Recently Updated
Leaping Animals
pecheneg
Reality TV Shows (A-Z)
bhenderson79
Rickey Henderson's Hall of Fame Teammates
pecheneg
Champions League XIs: Arsenal
pecheneg
Quick Pick: Celebrities in WWE's Hall of Fame
aduchscher
A-Z Keypad Blitz II
pecheneg
Multiple Oscar Actors
pecheneg
Mystery Phrase Blitz: Oscar 'Best Actors'
pecheneg
F. Scott Fitzgerald Novels
LTH
Pick 3 Villains
ddd62291
Trending Topics
Kpop
Disney
Anime
Marvel
Crossword
NBA
Harry Potter
WWE
Soccer
NFL
The Office
Puzzle
Pokémon
Country
Song
Your Account Isn't Verified!
In order to create a playlist on Sporcle, you need to verify the email address you used during registration. Go to your
Sporcle Settings
to finish the process.
Report this User
Report this user for behavior that violates our
Community Guidelines
.
Details:
Send Report
Go to the Sporcle.com Mobile Site →
Comments